The Voice: Every Artist, Every Team V Quiz Stats

 Plays Quiz not verified by Sporcle

Support Sporcle.
Go Orange.
Score 0/76 Timer 20:00
0 Plays Today
Coach Artist % Correct
Adam LevineJames Wolpert
75%
Christina AguileraJacquie Lee
75%
Adam LevineTessanne Chin
75%
Adam LevineWill Champlin
75%
Christina AguileraStephanie Anne Johnson
75%
No TurnsDeanna Johnson
75%
CeeLo GreenShawn Smith
75%
CeeLo GreenKat Robichaud
50%
CeeLo GreenCarolina Pennell
50%
Christina AguileraMatthew Schuler
50%
Blake SheltonShelbie Z
50%
Christina AguileraJosh Logan
50%
No TurnsDelvin Choice
50%
Christina AguileraDestinee Quinn
50%
CeeLo GreenCole Vosbury
50%
Blake SheltonAustin Jenckes
50%
Blake SheltonMonika Leigh
50%
CeeLo GreenTamara Chauniece
50%
Adam LevineDonna Allen
25%
No TurnsJake Worthington
25%
Adam LevineNic Hawk
25%
No TurnsJulianna Baston
25%
No TurnsSamuel Mancini
25%
No TurnsFranchika
25%
No TurnsMathew Brea
25%
Adam LevineBarry Black
25%
No TurnsMike Unser
25%
Blake SheltonHolly Henry
25%
No TurnsSammy C.
25%
No TurnsMorgan Mallory
25%
No TurnsShayMari
25%
No TurnsSeth Cook
25%
Blake SheltonE.G. Daily
25%
CeeLo GreenJonny Gray
25%
Blake SheltonRay Boudreaux
25%
Christina AguileraLina Gaudenzi
25%
CeeLo GreenJuhi
25%
No TurnsMalford Milligan
25%
Coach Artist % Correct
No TurnsJohn Travis
25%
No TurnsKenny Araujo
25%
No TurnsJeremiah Richey
25%
Adam LevineJustin Blake
25%
Christina AguileraTimyra-Joi
25%
No TurnsZach Hinson
25%
Christina AguileraBriana Cuoco
25%
CeeLo GreenGeorge Horga Jr.
25%
CeeLo GreenAnthony Paul
25%
Blake SheltonCilla Chan
25%
Christina AguileraJacob Poole
25%
Adam LevinePreston Pohl
25%
No TurnsMacey Estes
25%
Blake SheltonSam Cerniglia
25%
No TurnsJennifer Newberry
25%
No TurnsYasmin
25%
No TurnsRoy Schneider
25%
No TurnsManuel Romero
25%
Adam LevineJames Irwin
25%
Christina AguileraOlivia Henken
25%
No TurnsJason Kertson
25%
CeeLo GreenR. Anthony
25%
CeeLo GreenKeaira LaShae
25%
Christina AguileraAmber Nicole
25%
Blake SheltonEmily Randolph
25%
Blake SheltonJustin Chain
25%
Adam LevineAshley DuBose
25%
Adam LevineMatt Cermanski
25%
No TurnsDiego Roman Navaira
25%
Blake SheltonBrandon Chase
25%
CeeLo GreenLupe Carroll
25%
Adam LevineGrey
25%
No TurnsDominic Scott Kay
25%
Christina AguileraMichael Lynch
25%
Blake SheltonBrian Pounds
25%
No TurnsMarc Wulf
25%
No TurnsDanielle Walsh
25%
No TurnsTy Wyffels
25%

You're not logged in!

Compare scores with friends on all Sporcle quizzes.
OR
Log In

From the Vault

US Cities - First Words

by Onno

We were sort of hoping their first words would be 'Sporcle'.
Remove Ads.
Support Sporcle.
Get the best of Sporcle when you Go Orange. This ad-free experience offers more features, more stats, and more fun while also helping to support Sporcle. Thank you for becoming a member.

Show Comments

Extras

Created Jul 18, 2019ReportNominate
Tags:The Voice

Top Quizzes Today


Score Distribution

Your Account Isn't Verified!

In order to create a playlist on Sporcle, you need to verify the email address you used during registration. Go to your Sporcle Settings to finish the process.

Report this User

Report this user for behavior that violates our Community Guidelines.

Details: